Statistics for Квиз о Шри Ланци

Click here to take the quiz!

General Stats

  • This quiz has been taken 52 times
  • The average score is 8 of 17

Answer Stats

ОписОдговор% Correct
Највећа религијаБудизам
83%
Животиња приказана на заставиЛав
83%
Држава од које је добила независност 1948. годинеУједињено Краљевство
81%
Најпопуларнији спортКрикет
71%
Главни градСри Џајаварденепура Коте
64%
Колонијално име за ово острвоЦејлон
62%
Највећи градКоломбо
55%
Велики залив који се налази североисточно од овог острва{Бенгалски} залив
52%
1960. године Сиримаво Бандаранаике је постала прва жена ________ у светуПремијер
48%
Државна валутаРупија
33%
Званични језициТамилски
31%
Овај биљни производ чини 7% извоза Шри ЛанкеЧај
31%
2009. године завршен је дуготрајни грађански рат између владе и ове организацијеТамилски {тигрови}
26%
Значење речи ЛанкаОстрво
19%
2016. године у Шри Ланка је проглашена слободном од ове болестиМаларије
19%
Ланац острва и плићака који повезује Индију и Шри Ланку{Адам}ов мост
5%
Званични језициСинхалешки
2%

Score Distribution

Percentile by Number Answered

Percent of People with Each Score

Your Score History

You have not taken this quiz